000 00709cam a22002651 4500
999 _c9060
_d9060
001 9060
003 BD-JhCC
005 20180321172754.0
008 741127s1956 xx 000 0 eng
035 _a(BD-JhCC)9060
040 _aDLC
_cICarbS
_dDLC
_dBD-JhCC
041 _aeng
050 0 0 _aPR1363
_b.K4
082 _a824.082
_bKEA 1956
100 1 _aKeast, William R.,
245 1 4 _aThe province of prose /
_cedited by William R. Keast and Robert E. Streeter.
250 _a2nd ed.
260 _aNew York,
_bHarper
_c[1956]
300 _a801 p.
_c25 cm.
650 0 _aEnglish essays.
650 0 _aAmerican essays.
700 1 _aStreeter, Robert E.,
942 _2ddc
_cBK